Bông hồng cho Êmily Truyệnngắn thế giới chọn lọc

Na minha lista:
Detalhes bibliográficos
Formato: Livro
Idioma:Undetermined
Publicado em: Hà Nội Tác phẩm mới 1985
Assuntos:
Tags: Adicionar Tag
Sem tags, seja o primeiro a adicionar uma tag!
Thư viện lưu trữ: Trung tâm Học liệu Trường Đại học Cần Thơ
LEADER 00458nam a2200157Ia 4500
001 CTU_9462
008 210402s9999 xx 000 0 und d
082 |a 808.83 
082 |b B455/T2 
245 0 |a Bông hồng cho Êmily 
245 0 |b Truyệnngắn thế giới chọn lọc 
260 |a Hà Nội 
260 |b Tác phẩm mới 
260 |c 1985 
650 |a short stories 
980 |a Trung tâm Học liệu Trường Đại học Cần Thơ